<?xml version="1.0" encoding="UTF-8"?><?xml-stylesheet type="text/xsl" href="static/style.xsl"?><OAI-PMH xmlns="http://www.openarchives.org/OAI/2.0/" xmlns:xsi="http://www.w3.org/2001/XMLSchema-instance" xsi:schemaLocation="http://www.openarchives.org/OAI/2.0/ http://www.openarchives.org/OAI/2.0/OAI-PMH.xsd"><responseDate>2026-04-13T00:59:36Z</responseDate><request verb="GetRecord" identifier="oai:www.recercat.cat:2072/421747" metadataPrefix="marc">https://recercat.cat/oai/request</request><GetRecord><record><header><identifier>oai:recercat.cat:2072/421747</identifier><datestamp>2025-04-13T20:09:31Z</datestamp><setSpec>com_2072_98</setSpec><setSpec>col_2072_378196</setSpec></header><metadata><record xmlns="http://www.loc.gov/MARC21/slim" xmlns:dcterms="http://purl.org/dc/terms/" xmlns:xsi="http://www.w3.org/2001/XMLSchema-instance" xmlns:doc="http://www.lyncode.com/xoai" xsi:schemaLocation="http://www.loc.gov/MARC21/slim http://www.loc.gov/standards/marcxml/schema/MARC21slim.xsd">
   <leader>00925njm 22002777a 4500</leader>
   <datafield ind2=" " ind1=" " tag="042">
      <subfield code="a">dc</subfield>
   </datafield>
   <datafield ind2=" " ind1=" " tag="720">
      <subfield code="a">Bacardit Sáez, Josep</subfield>
      <subfield code="e">author</subfield>
   </datafield>
   <datafield ind2=" " ind1=" " tag="720">
      <subfield code="a">Universitat Autònoma de Barcelona. Escola d'Enginyeria</subfield>
      <subfield code="e">author</subfield>
   </datafield>
   <datafield ind2=" " ind1=" " tag="260">
      <subfield code="c">2013</subfield>
   </datafield>
   <datafield ind2=" " ind1=" " tag="520">
      <subfield code="a">El projecte Campus Virtual UAB pretén ser una eina pels futurs estudiants de la UAB, destinat per la plataforma Android, amb l'objectiu de facilitar l'estudi dels alumnes. En aquesta memòria es descriu el desenvolupament del projecte indicant quines han estat les parts més importants per a la realització de l'aplicació.</subfield>
   </datafield>
   <datafield ind2=" " ind1=" " tag="520">
      <subfield code="a">El proyecto Campus Virtual UAB pretende ser una herramienta para los futuros estudiantes de la UAB, destinado para la plataforma Android, con el objetivo de facilitar el estudio de los alumnos. en esta memoria se describe el desarrollo del proyecto indicando qué partes han sido más importantes para la realización de la aplicación.</subfield>
   </datafield>
   <datafield ind2=" " ind1=" " tag="520">
      <subfield code="a">The Campus Virtual UAB project pretend to be a tool for the future students of UAB, destinated for the platform Android. With the objective to facilitate the study of the students. In this thesis, it's described the development of the projects indicating which parts have been more important for the realization of the application.</subfield>
   </datafield>
   <datafield tag="653" ind2=" " ind1=" ">
      <subfield code="a">Ensenyament universitari Processament de dades</subfield>
   </datafield>
   <datafield ind2="0" ind1="0" tag="245">
      <subfield code="a">Campus Virtual UAB</subfield>
   </datafield>
</record></metadata></record></GetRecord></OAI-PMH>